000 00746nam0a22002651 4500
001 RU\NLR\INFOCOMM6\ROSSICA\1000351888
005 20250613191900.0
035 _a(NLR Aleph) 009942886
090 _a10766612
_c10766612
100 _a20030604d1832 |||y0rusy50 ca
101 0 _ager
102 _aRU
105 _ay ||||000ay
200 1 _aSkizze einiger Erfahrungen und Bemerkungen über die Cholera-Epidemie zu St. Petersburg
_fC. Meyer (Mayer)
210 _aSt.Petersburg
_d1832
215 _d
700 1 _9z01790
_aMeyer
_bC.
_4070
790 1 _9z01700
_aMayer
_bC.
_4070
801 1 _aRU
_bInfoComm
_c20030604
801 0 _aRU
_bNLR
_gPSBO
852 _aNLR
_j13.15.6.63
942 _cBOOK
980 _aNB
980 _aRossica